[Event "OIBM2000 - Bank Hofmann"]
[Site "Bad Wiessee"]
[Date "2000.10.31"]
[Round "4"]
[White "Lobron, Eric"]
[Black "Froehlich, Peter"]
[Result "0-1"]
[WhiteElo "2530"]
[BlackElo "2440"]
[PlyCount "89"]
[EventDate "2000.??.??"]

1. Nf3 c5 2. e4 d6 3. Nc3 Nf6 4. g3 e5 5. Bg2 g6 6. O-O Bg7 7. d3 O-O 8. Bg5 h6
9. Bxf6 Bxf6 10. Nd2 Nc6 11. Nc4 Rb8 12. a4 b6 13. f4 exf4 14. gxf4 Bb7 15. Nd5
Bd4+ 16. Kh1 Ne7 17. c3 Bg7 18. Nxe7+ Qxe7 19. f5 Qh4 20. Qd2 Be5 21. Nxe5 dxe5
22. a5 c4 23. axb6 axb6 24. Ra7 gxf5 25. exf5 Bxg2+ 26. Qxg2+ Kh7 27. Rg1 Qg5
28. Qxg5 hxg5 29. dxc4 Kg7 30. Rxg5+ Kf6 31. Rh5 Rfd8 32. b4 e4 33. Kg2 Rd2+
34. Kg3 e3 35. Kf4 Re8 36. Rh7 Rf2+ 37. Kg3 Rg8+ 38. Kh3 Rf3+ 39. Kh4 Rf4+ 40.
Kh3 Rf3+ 41. Kh4 e2 42. Raxf7+ Ke5 43. Re7+ Kf4 44. h3 Rgg3 45. Kh5 0-1

[Event "OIBM2000 - Bank Hofmann"]
[Site "Bad Wiessee"]
[Date "2000.10.31"]
[Round "4"]
[White "Pezerovic, Edin"]
[Black "Jaracz, Pawel"]
[Result "1/2-1/2"]
[WhiteElo "2426"]
[BlackElo "2511"]
[PlyCount "60"]
[EventDate "2000.??.??"]

1. Nf3 Nf6 2. d4 g6 3. g3 Bg7 4. Bg2 O-O 5. O-O c5 6. c3 Qc7 7. Re1 d6 8. e4 e5
9. Na3 Rd8 10. d5 a6 11. c4 Qe7 12. Bd2 Nbd7 13. Rb1 Rf8 14. Qc2 Kh8 15. b4
cxb4 16. Bxb4 Ng4 17. Nh4 b6 18. Qd3 Nc5 19. Bxc5 bxc5 20. h3 Nh6 21. Nf3 f5
22. Nd2 Ng8 23. Nc2 Nf6 24. Ne3 f4 25. Nef1 fxg3 26. fxg3 Bh6 27. Rb3 Nh5 28.
Qe2 Ra7 29. Reb1 Qg5 30. Kh2 Raf7 1/2-1/2

[Event "OIBM2000 - Bank Hofmann"]
[Site "Bad Wiessee"]
[Date "2000.10.31"]
[Round "4"]
[White "Koscielski, Janusch"]
[Black "Rabiega, Robert"]
[Result "0-1"]
[WhiteElo "2359"]
[BlackElo "2487"]
[PlyCount "70"]
[EventDate "2000.??.??"]

1. e4 e5 2. Nf3 Nf6 3. Nc3 Nc6 4. Bb5 Bd6 5. d3 h6 6. O-O O-O 7. Ne2 a6 8. Ba4
b5 9. Bb3 Na5 10. Ng3 Re8 11. h3 Bf8 12. Nh2 d5 13. Qf3 c6 14. Nf5 Kh7 15. Ng4
Nxg4 16. hxg4 Nxb3 17. axb3 g6 18. Ne3 Be6 19. g3 Be7 20. Kg2 Bg5 21. Rh1 f6
22. Nf5 gxf5 23. gxf5 Bf7 24. Bxg5 fxg5 25. f6 Be6 26. Rxh6+ Kxh6 27. Rh1+ Kg6
28. Qh5+ Kxf6 29. Qh7 Bf7 30. Qf5+ Ke7 31. Rh6 Rg8 32. Rh7 Rf8 33. Qxe5+ Kd7
34. Rh6 Qe7 35. Qc3 Be6 0-1

[Event "OIBM2000 - Bank Hofmann"]
[Site "Bad Wiessee"]
[Date "2000.10.31"]
[Round "4"]
[White "Nenashev, Alexander"]
[Black "Christensen, Niels"]
[Result "1-0"]
[WhiteElo "2642"]
[BlackElo "2303"]
[PlyCount "85"]
[EventDate "2000.??.??"]

1. d4 d5 2. c4 c6 3. Nf3 Nf6 4. e3 Bf5 5. Nc3 e6 6. Nh4 Bg4 7. Qb3 Qb6 8. h3
Bh5 9. g4 Bg6 10. Nxg6 hxg6 11. Bg2 Nbd7 12. g5 Nh5 13. cxd5 Qxb3 14. axb3 exd5
15. Bd2 Be7 16. h4 f6 17. Rg1 f5 18. Ne2 Nf8 19. f4 Ne6 20. Kf2 Kd7 21. Nc1 Bd6
22. Nd3 a6 23. Rh1 Rhe8 24. Bf3 Rh8 25. Bb4 Bc7 26. Bc3 Bd6 27. b4 Nc7 28. Nc5+
Ke8 29. Be2 Be7 30. Rhe1 Bd6 31. Bd2 Bxc5 32. dxc5 Kd7 33. Bc3 Ne6 34. Be5 Ke7
35. Ra3 Kd7 36. Rea1 Rae8 37. Bxa6 bxa6 38. Rxa6 Nd8 39. Ra7+ Ke6 40. b5 Nf7
41. Bd4 Nxf4 42. exf4 Rxh4 43. Re1+ 1-0

[Event "OIBM2000 - Bank Hofmann"]
[Site "Bad Wiessee"]
[Date "2000.11.01"]
[Round "5"]
[White "Nenashev, Alexander"]
[Black "Doettling, Fabian"]
[Result "1/2-1/2"]
[WhiteElo "2642"]
[BlackElo "2473"]
[PlyCount "99"]
[EventDate "2000.??.??"]

1. d4 e6 2. c4 f5 3. g3 Nf6 4. Bg2 c6 5. Nd2 d5 6. Nh3 Bd6 7. O-O O-O 8. Qc2 b6
9. Nf3 Bb7 10. Bf4 Ne4 11. Ne5 Qe7 12. f3 Nf6 13. cxd5 cxd5 14. Rfc1 Na6 15. a3
Rfc8 16. Qd2 Qe8 17. Nf2 Rxc1+ 18. Rxc1 Rc8 19. g4 Nb8 20. Bh3 fxg4 21. Rxc8
Bxc8 22. Nfxg4 Nxg4 23. Bxg4 Bxe5 24. Bxe5 Nc6 25. Bg3 Qf7 26. Kf2 h5 27. Bh3
Qf6 28. e3 g5 29. Bf1 Bd7 30. b4 Be8 31. b5 h4 32. bxc6 hxg3+ 33. hxg3 Bxc6 34.
Qc2 Be8 35. Qc7 Bh5 36. Be2 Bxf3 37. Bxf3 g4 38. Qf4 Qxf4 39. exf4 gxf3 40. a4
a6 41. Kxf3 Kg7 42. g4 Kg6 43. Ke3 Kf6 44. Kd3 Kf7 45. Kc3 Kf6 46. Kb3 Kf7 47.
Kb4 Ke7 48. a5 b5 49. Kc5 Kf6 50. Kb4 1/2-1/2

[Event "OIBM2000 - Bank Hofmann"]
[Site "Bad Wiessee"]
[Date "2000.11.01"]
[Round "5"]
[White "Ibragimov, Ildar"]
[Black "Renner, Christoph"]
[Result "1-0"]
[WhiteElo "2575"]
[BlackElo "2429"]
[PlyCount "95"]
[EventDate "2000.??.??"]

1. d4 f5 2. g3 Nf6 3. Bg2 g6 4. Nf3 Bg7 5. O-O O-O 6. c4 d6 7. Nc3 c6 8. Qb3
Na6 9. Rd1 Kh8 10. d5 Rb8 11. Qc2 Bd7 12. Be3 c5 13. Rab1 Nc7 14. a4 h6 15. b4
Ng4 16. bxc5 Nxe3 17. fxe3 Na6 18. Nh4 Kh7 19. e4 Bxc3 20. Qxc3 Nxc5 21. Rf1
fxe4 22. Qd4 Bf5 23. Nxf5 gxf5 24. Rxf5 Rxf5 25. Bxe4 Qd7 26. Rf1 Rbf8 27. g4
Nxe4 28. Qxe4 Kg7 29. gxf5 Rf6 30. a5 Kf8 31. Qd4 Qc7 32. Qxa7 Qxc4 33. Qxb7
Qd4+ 34. Rf2 Kf7 35. Qb1 Qxd5 36. a6 Qc5 37. Qa2+ e6 38. e4 Qc1+ 39. Kg2 Qg5+
40. Kf1 Qc1+ 41. Kg2 Qg5+ 42. Kf1 Qc1+ 43. Ke2 Qc6 44. fxe6+ Ke7 45. Rxf6 Qxe4+
46. Kf2 Kxf6 47. Qb2+ Kf5 48. Qe2 1-0

[Event "OIBM2000 - Bank Hofmann"]
[Site "Bad Wiessee"]
[Date "2000.11.01"]
[Round "5"]
[White "Gyimesi, Zoltan"]
[Black "Gawehns, Klaus"]
[Result "1-0"]
[WhiteElo "2539"]
[BlackElo "2401"]
[PlyCount "131"]
[EventDate "2000.??.??"]

1. d4 b6 2. c4 Bb7 3. Nc3 e6 4. a3 f5 5. d5 Nf6 6. g3 Na6 7. Bg2 Nc5 8. Nh3 Bd6
9. Nb5 Be5 10. f4 Bd6 11. Nf2 exd5 12. Nxd6+ cxd6 13. cxd5 a5 14. b3 O-O 15.
Bb2 Qe7 16. O-O Qe3 17. Rb1 Ng4 18. Bd4 Nxf2 19. Rxf2 Qe7 20. Bxc5 bxc5 21. b4
axb4 22. axb4 c4 23. Qd4 Rfc8 24. Rc1 Ba6 25. e4 fxe4 26. Re2 Bb5 27. Rxe4 Qf6
28. Qxf6 gxf6 29. Bf1 Ra4 30. Rb1 Kf8 31. Kf2 Ra2+ 32. Re2 Rca8 33. Rc1 Ra1 34.
Rxa1 Rxa1 35. Rc2 Rb1 36. Bxc4 Rxb4 37. Bxb5 Rxb5 38. Rd2 Rb3 39. Kg2 f5 40.
Kh3 Kf7 41. Kh4 Kg6 42. Rd4 Rb2 43. h3 Rb3 44. Ra4 Rd3 45. Ra7 Rxd5 46. Rxd7
Rd1 47. Ra7 Rd4 48. Ra5 Kf6 49. Ra7 Kg6 50. Rb7 Rc4 51. Rd7 Rd4 52. Rd8 Rd1 53.
Rg8+ Kf7 54. Rg5 Kf6 55. g4 fxg4 56. hxg4 d5 57. Rf5+ Kg6 58. Re5 d4 59. f5+
Kf6 60. Re6+ Kf7 61. Kg5 d3 62. Rh6 Kg7 63. Rd6 d2 64. Rd7+ Kg8 65. Kf6 h6 66.
Kg6 1-0

[Event "OIBM2000 - Bank Hofmann"]
[Site "Bad Wiessee"]
[Date "2000.11.01"]
[Round "5"]
[White "Ter-Minassian, Dimitrij"]
[Black "Ekstroem, Roland"]
[Result "0-1"]
[WhiteElo "2346"]
[BlackElo "2487"]
[PlyCount "104"]
[EventDate "2000.??.??"]

1. Nf3 c5 2. c4 Nc6 3. Nc3 Nd4 4. Ng1 e5 5. e3 Nc6 6. Nf3 Nf6 7. d4 cxd4 8.
exd4 e4 9. d5 exf3 10. dxc6 dxc6 11. Qxd8+ Kxd8 12. Bg5 fxg2 13. O-O-O+ Ke8 14.
Bxg2 Be6 15. Rhe1 Be7 16. Bxf6 gxf6 17. Bd5 Bf5 18. Be4 Bg6 19. Rd3 Rd8 20.
Rde3 Rd7 21. f4 f5 22. Bd3 Kd8 23. Kc2 Bh4 24. Rf1 Re8 25. Rff3 Rxe3 26. Rxe3
Bf2 27. Re2 Bb6 28. Re1 Bc7 29. Rf1 Ke7 30. Ne2 Kf6 31. Kc3 Re7 32. Kd2 Ba5+
33. Nc3 Bh5 34. Re1 Re6 35. a3 Rxe1 36. Kxe1 Bc7 37. Ne2 Bxe2 38. Kxe2 Bxf4 39.
b4 Bxh2 40. a4 Bc7 41. Ke3 Kg5 42. Kf3 Bd8 43. Bf1 h5 44. Bh3 Kf6 45. Kf4 Bc7+
46. Ke3 Ke5 47. Bg2 a5 48. b5 cxb5 49. cxb5 b6 50. Bh3 Bd6 51. Bf1 f4+ 52. Kd3
Kd5 0-1

[Event "OIBM2000 - Bank Hofmann"]
[Site "Bad Wiessee"]
[Date "2000.11.01"]
[Round "5"]
[White "Zenker, Ulrich"]
[Black "Savchenko, Stanislav"]
[Result "1/2-1/2"]
[WhiteElo "2260"]
[BlackElo "2579"]
[PlyCount "77"]
[EventDate "2000.??.??"]

1. d4 d5 2. Nf3 c6 3. g3 Bf5 4. Bg2 e6 5. O-O Nf6 6. c4 Nbd7 7. Nc3 h6 8. Qb3
Qb6 9. Nd2 Rd8 10. Qxb6 axb6 11. cxd5 exd5 12. f3 b5 13. e4 Be6 14. e5 Ng8 15.
Nb3 Ra8 16. Be3 Nb6 17. Nd2 h5 18. Rf2 Bb4 19. Ndb1 Ne7 20. b3 Nf5 21. Re2 Kd7
22. Bf2 Ra7 23. a3 Be7 24. Rea2 Na8 25. Ne2 Nc7 26. Nf4 g6 27. Nd3 b6 28. Nc3
Ng7 29. b4 Rha8 30. Bf1 Ke8 31. Be2 Bf5 32. Nc1 Kd7 33. Kg2 Nge6 34. Be3 g5 35.
Bd3 Ng7 36. Bf2 Nce6 37. Be2 Bg6 38. Nb3 Nf5 39. a4 1/2-1/2

[Event "OIBM2000 - Bank Hofmann"]
[Site "Bad Wiessee"]
[Date "2000.11.01"]
[Round "5"]
[White "Hamm, Stefan"]
[Black "Martinovic, Slobodan"]
[Result "1-0"]
[WhiteElo "2218"]
[BlackElo "2448"]
[PlyCount "59"]
[EventDate "2000.??.??"]

1. e4 c5 2. Nf3 d6 3. d4 cxd4 4. Nxd4 Nf6 5. Nc3 Nc6 6. f3 e6 7. Be3 Be7 8. Qd2
a6 9. g4 Nd7 10. O-O-O O-O 11. Kb1 Nxd4 12. Bxd4 b5 13. h4 Ne5 14. Qf2 Qc7 15.
g5 Bb7 16. Rg1 Nd7 17. h5 b4 18. g6 e5 19. Ne2 exd4 20. Nxd4 Bf6 21. Nf5 Qc5
22. gxf7+ Kh8 23. Qxc5 Nxc5 24. Nxd6 Rad8 25. Bc4 Bc6 26. Nf5 Na4 27. Rxd8 Rxd8
28. Nxg7 Nxb2 29. Ne8 Bg7 30. f8=Q+ 1-0

[Event "OIBM2000 - Bank Hofmann"]
[Site "Bad Wiessee"]
[Date "2000.11.02"]
[Round "6"]
[White "Doettling, Fabian"]
[Black "Jaracz, Pawel"]
[Result "1/2-1/2"]
[WhiteElo "2473"]
[BlackElo "2511"]
[PlyCount "48"]
[EventDate "2000.??.??"]

1. d4 Nf6 2. c4 g6 3. Nc3 d5 4. cxd5 Nxd5 5. Bd2 Bg7 6. e4 Nb6 7. Be3 O-O 8.
Be2 Nc6 9. d5 Ne5 10. Bd4 c5 11. Bxc5 Nec4 12. Bxc4 Nxc4 13. Qb3 Nxb2 14. Qxb2
Qc7 15. Bb4 a5 16. Nge2 axb4 17. Qxb4 Bg4 18. f3 Bd7 19. O-O b5 20. Rab1 Be5
21. Kh1 Rfb8 22. Qxe7 Bd6 23. Qh4 b4 24. e5 bxc3 1/2-1/2

[Event "OIBM2000 - Bank Hofmann"]
[Site "Bad Wiessee"]
[Date "2000.11.02"]
[Round "6"]
[White "Ekstroem, Roland"]
[Black "Epishin, Vladimir"]
[Result "1/2-1/2"]
[WhiteElo "2487"]
[BlackElo "2567"]
[PlyCount "56"]
[EventDate "2000.??.??"]

1. e4 c6 2. c4 d5 3. exd5 cxd5 4. d4 Nf6 5. Nc3 e6 6. Nf3 Bb4 7. cxd5 Nxd5 8.
Bd2 O-O 9. Bd3 Nc6 10. O-O Be7 11. a3 Bf6 12. Qc2 g6 13. Bh6 Bg7 14. Qd2 Nf6
15. Bxg7 Kxg7 16. Bc4 b6 17. Rad1 Bb7 18. d5 Na5 19. Ba2 exd5 20. Nxd5 Rc8 21.
Rfe1 Bxd5 22. Bxd5 Qxd5 23. Qxd5 Nxd5 24. Rxd5 Rfd8 25. Rxd8 Rxd8 26. h4 Rd7
27. Rc1 Nb3 28. Rc2 Nd4 1/2-1/2

[Event "OIBM2000 - Bank Hofmann"]
[Site "Bad Wiessee"]
[Date "2000.11.02"]
[Round "6"]
[White "Kalinitschew, Sergey"]
[Black "Schlacht, Daniel"]
[Result "1/2-1/2"]
[WhiteElo "2491"]
[BlackElo "2315"]
[PlyCount "66"]
[EventDate "2000.??.??"]

1. c4 e6 2. Nc3 d5 3. d4 c6 4. e4 dxe4 5. Nxe4 Nd7 6. Nf3 Ngf6 7. Nxf6+ Nxf6 8.
Be2 Be7 9. O-O O-O 10. Bf4 Qb6 11. Qc2 c5 12. dxc5 Bxc5 13. Rad1 h6 14. Be5 Re8
15. Nd2 Bd4 16. Bxd4 Qxd4 17. Bf3 Qc5 18. Ne4 Nxe4 19. Bxe4 Rb8 20. Qa4 Rf8 21.
Bd3 a5 22. a3 b6 23. b4 axb4 24. axb4 Qc7 25. Be4 Qxc4 26. Qa7 Bb7 27. Bxb7 Qc7
28. Rc1 Qxb7 29. Qxb7 Rxb7 30. Rfd1 b5 31. Rc5 Ra8 32. h4 Kf8 33. h5 Ke7
1/2-1/2

[Event "OIBM2000 - Bank Hofmann"]
[Site "Bad Wiessee"]
[Date "2000.11.02"]
[Round "6"]
[White "Golod, Vitali"]
[Black "Naumann, Alexander"]
[Result "1-0"]
[WhiteElo "2590"]
[BlackElo "2489"]
[PlyCount "79"]
[EventDate "2000.??.??"]

1. Nf3 Nf6 2. c4 c6 3. Nc3 d5 4. e3 g6 5. d4 Bg7 6. h3 O-O 7. Be2 b6 8. O-O Bb7
9. Bd2 Nbd7 10. cxd5 cxd5 11. Qb3 Ne4 12. Rfc1 e5 13. Be1 exd4 14. Nxd4 Ndc5
15. Qd1 Qe7 16. a4 a5 17. Rab1 Ne6 18. Nxe6 Qxe6 19. Nxe4 dxe4 20. Bc4 Qe7 21.
b4 Ba6 22. Bxa6 Rxa6 23. bxa5 bxa5 24. Rb5 Rd8 25. Qb3 h5 26. Rxa5 Rxa5 27.
Bxa5 Rd3 28. Qc4 Qe5 29. Bb6 Qb2 30. a5 Ra3 31. Rf1 Ra1 32. Qxe4 Bc3 33. g3
Rxf1+ 34. Kxf1 Qc1+ 35. Kg2 Qb2 36. Bd4 Bxd4 37. exd4 Qb5 38. Qa8+ Kg7 39. a6
h4 40. g4 1-0

[Event "OIBM2000 - Bank Hofmann"]
[Site "Bad Wiessee"]
[Date "2000.11.02"]
[Round "6"]
[White "Khenkin, Igor"]
[Black "Bunzmann, Dimitrij"]
[Result "1-0"]
[WhiteElo "2633"]
[BlackElo "2484"]
[PlyCount "79"]
[EventDate "2000.??.??"]

1. d4 e6 2. c4 b6 3. e4 Bb7 4. Bd3 f5 5. exf5 Bb4+ 6. Kf1 Nf6 7. Nf3 O-O 8. a3
Bd6 9. Nc3 Qe8 10. Qe2 exf5 11. Qxe8 Nxe8 12. Ke2 Bxf3+ 13. Kxf3 Nc6 14. Ne2 a5
15. g3 Be7 16. Kg2 Nd6 17. Rd1 Kh8 18. Be3 Rab8 19. Rab1 Ne4 20. Bxe4 fxe4 21.
Nc3 Rbe8 22. Nxe4 Bxa3 23. d5 Na7 24. bxa3 Rxe4 25. c5 Nc8 26. d6 bxc5 27. dxc7
d6 28. Rb8 Kg8 29. Bxc5 Rc4 30. Rxd6 Rxc5 31. Rxc8 Rxc8 32. Rd8+ Kf7 33. Rxc8
Ke6 34. Re8+ Kd7 35. c8=Q+ Rxc8 36. Rxc8 Kxc8 37. Kf3 Kd7 38. Ke4 Kc6 39. Kd4
Kb5 40. Kc3 1-0

[Event "OIBM2000 - Bank Hofmann"]
[Site "Bad Wiessee"]
[Date "2000.11.02"]
[Round "6"]
[White "Hedke, Fred"]
[Black "Lerner, Konstantin"]
[Result "0-1"]
[WhiteElo "2347"]
[BlackElo "2583"]
[PlyCount "80"]
[EventDate "2000.??.??"]

1. d4 Nf6 2. Nf3 e6 3. g3 c5 4. Bg2 Qc7 5. O-O cxd4 6. Nxd4 a6 7. e4 Be7 8. Qe2
d6 9. b3 Bd7 10. Bb2 Nc6 11. Nf3 O-O 12. c4 b5 13. e5 Ne8 14. cxb5 axb5 15. Nc3
b4 16. Nb5 Qb8 17. Nxd6 Nxd6 18. exd6 Bxd6 19. Rfd1 Ra5 20. Nd2 Ne5 21. Ne4 Be7
22. f4 Bb5 23. Qh5 Ng6 24. Ng5 Bxg5 25. Qxg5 Qa7+ 26. Bd4 Qa6 27. Rd2 Bc6 28.
Qg4 Bxg2 29. Kxg2 Rd8 30. h4 h5 31. Qf3 Ne7 32. Qf2 Rad5 33. Rad1 Nf5 34. Be3
Rxd2 35. Rxd2 Qa8+ 36. Kh2 Rc8 37. Bc5 Nh6 38. Qd4 Ng4+ 39. Kg1 Qf3 40. Rd3 Qe2
0-1

[Event "OIBM2000 - Bank Hofmann"]
[Site "Bad Wiessee"]
[Date "2000.11.02"]
[Round "6"]
[White "Glek, Igor"]
[Black "Medvegy, Nora"]
[Result "1-0"]
[WhiteElo "2553"]
[BlackElo "2350"]
[PlyCount "63"]
[EventDate "2000.??.??"]

1. e4 c5 2. Nf3 e6 3. d3 Nc6 4. g3 Nf6 5. Bg2 d6 6. O-O Be7 7. Re1 O-O 8. c3
Bd7 9. Nbd2 Rc8 10. a3 b5 11. d4 cxd4 12. cxd4 Qc7 13. Nb3 d5 14. e5 Ne4 15.
Nfd2 Nxd2 16. Bxd2 a5 17. Rc1 Qa7 18. Qg4 Kh8 19. Nc5 Rfd8 20. b4 f5 21. exf6
Bxf6 22. Be3 axb4 23. axb4 Re8 24. Bf1 Nd8 25. Bd3 Kg8 26. Bd2 Bc6 27. Nxe6
Nxe6 28. Rxe6 Bd7 29. Rxe8+ Rxe8 30. Qh5 g6 31. Qxd5+ Kg7 32. Bxb5 1-0

[Event "OIBM2000 - Bank Hofmann"]
[Site "Bad Wiessee"]
[Date "2000.11.02"]
[Round "6"]
[White "Volokitin, Andrei"]
[Black "Hamm, Stefan"]
[Result "1-0"]
[WhiteElo "2447"]
[BlackElo "2218"]
[PlyCount "65"]
[EventDate "2000.??.??"]

1. e4 Nf6 2. e5 Nd5 3. d4 d6 4. c4 Nb6 5. exd6 cxd6 6. Nc3 g6 7. Be3 Bg7 8. Rc1
O-O 9. b3 e5 10. dxe5 dxe5 11. Qxd8 Rxd8 12. c5 N6d7 13. Bc4 Nc6 14. Nf3 Nf8
15. Bg5 Re8 16. Nb5 e4 17. Nd2 Be5 18. O-O a6 19. Nd6 Bxd6 20. cxd6 Kg7 21. Bd5
Nd4 22. Rc7 Nfe6 23. Re7 Rxe7 24. Bxe7 f5 25. Nc4 Nc5 26. Nb6 Rb8 27. Rd1 Ne2+
28. Kf1 Nc3 29. Rc1 Nxd5 30. Nxd5 Nd7 31. Bg5 b5 32. Ne7 Bb7 33. Rc7 1-0

[Event "OIBM2000 - Bank Hofmann"]
[Site "Bad Wiessee"]
[Date "2000.11.02"]
[Round "6"]
[White "Gutman, Lev"]
[Black "Kindermann, Stefan"]
[Result "1-0"]
[WhiteElo "2590"]
[BlackElo "2519"]
[PlyCount "155"]
[EventDate "2000.??.??"]

1. Nf3 c5 2. g3 g6 3. Bg2 Bg7 4. d4 cxd4 5. Nxd4 Nc6 6. Nxc6 bxc6 7. O-O Rb8 8.
Nd2 Nf6 9. Nb3 Qc7 10. Bd2 d6 11. Ba5 Qd7 12. Bc3 Qc7 13. Qd2 O-O 14. Rfe1 Bb7
15. Rad1 c5 16. e4 Nd7 17. Bxg7 Kxg7 18. Na5 Ba8 19. Nc4 Kg8 20. b3 Rfd8 21.
Qg5 f6 22. Qd2 Ne5 23. Ne3 g5 24. f4 gxf4 25. gxf4 Ng6 26. Ng4 e5 27. fxe5 fxe5
28. Re3 Nf4 29. Rg3 Kh8 30. c4 Rg8 31. Rf1 Rg6 32. Nh6 Rf8 33. Nf5 Rff6 34. Bf3
Qf7 35. Kf2 Qf8 36. Ke1 Bc6 37. Kd1 Bd7 38. Re1 Bc8 39. Kc1 Rg8 40. Rd1 Bxf5
41. exf5 Qh6 42. Rxg8+ Kxg8 43. Kb1 Qf8 44. Be4 Kh8 45. Rg1 Rf7 46. Ka1 Qe7 47.
Rd1 Rf6 48. b4 cxb4 49. Qxb4 Qc7 50. Rb1 Rf8 51. Rd1 Rf6 52. a3 Kg7 53. Rg1+
Kh8 54. Rb1 Rf8 55. a4 Kg7 56. a5 Rc8 57. Bb7 Rf8 58. Rd1 Rf6 59. Be4 Kh8 60.
Rd2 Kg7 61. Ka2 Kh8 62. Ka3 Kg7 63. Ka4 Kh8 64. Qb5 Kg7 65. Qc6 Qb8 66. Qd7+
Kh6 67. Ka3 Qf8 68. Kb3 Qb8+ 69. Qb7 Qe8 70. Qxa7 d5 71. Bxd5 e4 72. Qe3 Rxf5
73. Bxe4 Rf6 74. Rd5 Kg7 75. Rb5 Qd8 76. Rb7+ Kg8 77. Bxh7+ Kh8 78. Bc2 1-0

[Event "OIBM2000 - Bank Hofmann"]
[Site "Bad Wiessee"]
[Date "2000.11.02"]
[Round "6"]
[White "Landa, Konstantin"]
[Black "Kritz, Leonid"]
[Result "1-0"]
[WhiteElo "2610"]
[BlackElo "2424"]
[PlyCount "63"]
[EventDate "2000.??.??"]

1. d4 e6 2. Nf3 f5 3. c4 Nf6 4. Nc3 Bb4 5. Qb3 Qe7 6. a3 Bxc3+ 7. Qxc3 b6 8. g3
Bb7 9. Bg2 d6 10. O-O Nbd7 11. b4 O-O 12. Bb2 Rab8 13. b5 Ne4 14. Qc2 a5 15. a4
15... c5 $2 {Ein natuerlich aussehender Zug, der eine ueberraschende taktische
Wendung ermoeglicht.} 16. bxc6 16... Bxc6 { } 17. d5 $3 17... exd5 18. Nd4 Bb7
(18... Rbc8 19. Nxf5 Rxf5 20. cxd5 Rxd5 21. Bxe4 Rc5 22. Bxh7+ Kh8 23. Qd3 Rd5
24. Qa6 Ra8 25. Qc4 Rc5 26. Qd3 Rd5 27. Qe4 $16) 19. f3 Nef6 20. Nxf5 Qe6 21.
Bh3 Kh8 22. Kg2 g6 23. Nh6 Qe3 24. Bxd7 Qxh6 25. cxd5 Bxd5 26. Rfd1 Qg7 27.
Rxd5 Qxd7 28. Rad1 Rbc8 29. Qd3 Qxa4 30. Rxd6 Kg7 31. Rxf6 Rxf6 32. Qd7+ 1-0

[Event "OIBM2000 - Bank Hofmann"]
[Site "Bad Wiessee"]
[Date "2000.11.02"]
[Round "6"]
[White "Golod, Vitali"]
[Black "Naumann, Alexander"]
[Result "1-0"]
[WhiteElo "2590"]
[BlackElo "2489"]
[PlyCount "79"]
[EventDate "2000.??.??"]

1. Nf3 Nf6 2. c4 c6 3. Nc3 d5 4. e3 g6 5. d4 Bg7 6. h3 $5 {Ein interessanter
Plan. Zwar leistet dieser Zug nichts fuer die Entwicklung. Aber Schwarz hat
grosse Probleme, ein geeignetes Plaetzchen fuer seinen Lc8 zu finden.} 6... O-O
7. Be2 7... b6 $6 (7... Bf5 $5 $13) 8. O-O Bb7 9. Bd2 Nbd7 10. cxd5 cxd5 11.
Qb3 $14 {Mit unspektakulaeren Zuegen hat Weiss leichten Vorteil erreicht. Die
scheinbar passiven weissen Laeufer kontrollieren von e2 und evtl. nach
Ueberfuehrung nach b4 viele wichtige Felder.} 11... Ne4 12. Rfc1 { } 12... e5 {
Schwarz versucht seinerseits die Laeufer zu aktivieren, bleibt jedoch auf
einem blockierten Isolani Bd5 sitzen.} 13. Be1 exd4 14. Nxd4 Ndc5 15. Qd1 Qe7
16. a4 a5 17. Rab1 Ne6 18. Nxe6 Qxe6 19. Nxe4 dxe4 20. Bc4 20... Qe7 { } 21. b4
{Weiss hat den Vorteil transformiert und entwickelt gefaehrliche  Initiative
am Damenfluegel.} 21... Ba6 22. Bxa6 Rxa6 23. bxa5 bxa5 24. Rb5 Rd8 25. Qb3 h5
26. Rxa5 { } 26... Rxa5 27. Bxa5 Rd3 28. Qc4 Qe5 29. Bb6 Qb2 30. a5 Ra3 31. Rf1
Ra1 32. Qxe4 Bc3 33. g3 Rxf1+ 34. Kxf1 Qc1+ 35. Kg2 Qb2 36. Bd4 Bxd4 37. exd4
Qb5 38. Qa8+ Kg7 39. a6 h4 40. g4 1-0